Le mois d'octobre - Statistiques

Statistiques générales
  • Ce quiz a été pris 34 fois
  • Le résultat moyen est 7 sur 16
Statistiques - réponses
Questions Réponses % Correct
Récolte du raisin pour la production de vin (à consommer avec modération), elle commence vers la fin du mois de septembre et se poursuit en octobre. Les vendanges
94%
Boisson titrant généralement entre 2 % et 10 % de volume d'alcool (à consommer avec modération), obtenue à partir de la fermentation du jus de pomme, boisson traditionnelle en Bretagne, région qui assure 40% de la production française. Le mois d'octobre est le mois de la récolte pour les pommes destinées à la production de cette boisson. Le cidre
82%
Fruit du chêne dont la récolte commence fin septembre et dure jusqu'à la fin octobre. Sa récolte est essentielle pour le renouvellement des forêts. Le gland
82%
Explorateur qui découvrit l'Amérique en date du 11 octobre 1492. Christophe Colomb
73%
Migration périodique du bétail entre pâturages d'hiver et d'été, souvent entre plaine et montagne mais aussi entre zones climatiques différentes de même altitude. Vers le mois d'octobre, les troupeaux gagnent les pâturages d'hiver. La transhumance
67%
Saint patron des animaux, fondateur de l'ordre des Frères mineurs (Franciscains), célébré le 4 octobre. Saint François d'Assise
58%
Reine de France exécutée le 16 octobre 1793 après un procès sans charge sérieuse. Marie-Antoinette
55%
Petite ville du Portugal où s'est produit le miracle du Soleil en date du 13 octobre 1917, l'astre ayant bougé, "dansé" devant 70 000 spectateurs, événement associé aux apparitions de la sainte Vierge Marie en ce même endroit auprès de trois bergers enfants. Fátima
42%
Acteur écossais qui joue le rôle du capitaine Marko Ramius dans le film "À la poursuite d'Octobre rouge" de John McTiernan, sorti en 1990. Sean Connery
42%
Réunion d'évêques et de cardinaux ouverte en date du 11 octobre 1962 et qui selon l'abbé Georges de Nantes a créé une "nouvelle religion" en promouvant une "foi laïque et libertaire". Le "Concile Vatican II"
39%
Figures célestes dont la fonction est la protection des personnes humaines : les ____ ______. Le mois d'octobre leur est dédié. Les anges gardiens
30%
Complétez ce dicton : « Octobre en _____, mois à rhumes » Brumes
24%
Sainte normande célébrée le 1er octobre. Sainte Thérèse de l'Enfant-Jésus
24%
Ensemble de prières catholiques fondées sur la méditation des mystères de la vie de Jésus. Le mois d'octobre est également dédié à cet ensemble de prières. En particulier, une fête est célébrée le 7 octobre. Le rosaire
12%
Épreuve phare de triathlon qui se déroule traditionnellement en octobre, le 11 en 2025 (citez l'État américain dans lequel elle a lieu). L'ironman d'Hawaï
9%
Bataille navale qui a vu la sainte ligue catholique de don Juan d'Autriche vaincre la flotte ottomane en date du 7 octobre 1571. La victoire est attribuée aux prières précédentes, d'où la fête du 7 octobre. La bataille de Lépante
3%
Aucun quiz correspondant
Distribution des résultats
% des personnes avec chaque résultat
Percentile par nombre de réponses
Votre historique - résultats
Vous n’avez pas pris ce quiz